Представление документа в формате MARC21

ПолеНазваниеЗначение
  Тип записи a
  Библиографический уровень m
001 Контрольный номер RU/URAIT/508854
003 Принадлежность контрольного номера https://urait.ru/bcode/508854
005 Дата корректировки 20230117154140.3
008 Кодируемые данные
020 Индекс ISBN __
a ISBN 978-5-534-15583-9
c Цена, тираж 1149.00
040 Источник каталогиз. __
a Служба первич. каталог. ИКО Юрайт
b Код языка каталог. rus
c Служба, преобразующая запись ИКО Юрайт
041 Код языка издания 0_
a Код языка текста rus
044 Код страны публикации __
a Код страны публикации RU
073 _1
a 9785534155839
d 1149.00
080 Индекс УДК __
a Индекс УДК 651(075.32)
084 Индекс другой классификации/Индекс ББК __
a Индекс другой классификации/Индекс ББК 60.844я723
2 Источник индекса rubbk
091 Индексы/ коды __
a Индекс ББК (DOS) 60.844я723
z rubbk
100 Автор 1_
a Автор Чурилов А. Ю.
q Полное имя Алексей Юрьевич
230 __
a Электрон. дан.
245 Заглавие 00
a Заглавие Юридическое делопроизводство
b Продолж. заглавия учебное пособие
c Ответственность А. Ю. Чурилов.
250 Сведения об издании __
a Основные сведения об издании 3-е изд.
b Дополнительные сведения об издании испр. и доп
260 Выходные данные 1_
a Место издания Москва
b Издательство Юрайт
c Дата издания 2022
300 Физическое описание __
a Объем 285 с
440 Серия _0
a Серия Профессиональное образование
500 Примечания __
a Примечание URL: https://urait.ru/bcode/508854 (дата обращения: 29.08.2022).
520 Аннотация __
a Аннотация В курсе изложены современные направления делопроизводства как вида управленческой деятельности. С учетом требований действующего законодательства и нормативно-методических актов приведены принципы и методы документирования информации, составления и оформления документов. Поскольку дисциплина «Юридическое делопроизводство» не ограничивается изучением документирования организационно-распорядительной документации, в курсе рассмотрены особенности кадрового делопроизводства, судебного делопроизводства, а также документирования гражданско-правовых отношений. Курс подготовлен с использованием нормативных актов по состоянию на январь 2022 г. Соответствует актуальным требованиям федерального государственного образовательного стандарта среднего профессионального образования и профессиональным требованиям. Курс предназначен студентам образовательных учреждений среднего профессионального образования для формирования у них правильного отношения к документу, выработки навыков составления и оформления документов с учетом правил деловой переписки.
538 Прим. о системных особенностях __
a Прим. о системных особенностях Режим доступа: Электронно-библиотечная система Юрайт, для авториз. пользователей
653 Ключевые слова 2_
a Ключевые слова Делопроизводство и секретарское дело
653 Ключевые слова 2_
a Ключевые слова Экономика и управление
653 Ключевые слова 2_
a Ключевые слова Судебное делопроизводство
653 Ключевые слова 2_
a Ключевые слова Юридическое делопроизводство
856 Электронный адрес документа 40
n Местонахождение сервера Юрайт
g Электронная книга
q Тип электронного формата html
h Имя пользователя ЮРАЙТ
v Часы доступа к ресурсу 20231231
2 Способ доступа Показать документ
x Служебное примечание https://urait.ru/book/cover/673B03A4-ECF5-4DDE-8D7C-E99DEAD17136
u URL https://urait.ru/read/508854
856 Электронный адрес документа 41
q Тип электронного формата cover
u URL https://urait.ru/book/cover/673B03A4-ECF5-4DDE-8D7C-E99DEAD17136
952 Тип литературы __
c Вид литературы учебное пособие